00791cam a2200241 a 45000010009000000050017000090080041000260100017000670200015000840400013000990500022001120820012001341000048001462450087001942500012002812600055002933000034003485040068003826500017004506500011004676500041004787000030005191295804920170105102842.0021004s2003 caua b 001 0 eng  a 2002114085 a0534557481 aDLCcDLC00aHV6025b.W54 200300a3642211 aWinfree, Latham T.q(Latham Thomas),d1946-10aUnderstanding crime :btheory and practice /cL. Thomas Winfree, Howard Abadinsky. a2nd ed. aBelmont, CA :bWadsworth/Thomson Learning,cc2003. axxi, 378 p. :bill. ;c24 cm. aIncludes bibliographical references (p. [313]-355) and indexes. 0aCriminology. 0aCrime. 0aCriminal justice, Administration of.1 aAbadinsky, Howard,d1941-